Engineering Services Examination (Record no. 5365)

MARC details
000 -LEADER
fixed length control field 00401nam a2200157Ia 4500
003 - CONTROL NUMBER IDENTIFIER
control field SGT
020 ## - INTERNATIONAL STANDARD BOOK NUMBER
International Standard Book Number 9788183550956
082 ## - DEWEY DECIMAL CLASSIFICATION NUMBER
Classification number 621.3
Item number GKP
100 ## - MAIN ENTRY--PERSONAL NAME
Personal name G.K. Publishers
245 ## - TITLE STATEMENT
Title Engineering Services Examination
260 ## - PUBLICATION, DISTRIBUTION, ETC. (IMPRINT)
Name of publisher, distributor, etc G.K. Publishers
Place of publication, distribution, etc Noida
Year of Publication 2007
300 ## - PAGE DESCRIPTION
No. of Pages VPp.
650 ## - SUBJECT ADDED ENTRY--TOPICAL TERM
Topical term or geographic name as entry element ELECTRONICS ENGINEERING
653 ## - KEYWORDS--INDEX TERM
Keyword term SYLLABUS,ABOUT THE EXAMINATIONS : SUCCESS PLAN
942 ## - ADDED ENTRY ELEMENTS (KOHA)
Source of classification or shelving scheme Dewey Decimal Classification
Koha item type Books
Holdings
Withdrawn status Lost status Source of classification or shelving scheme Damaged status Not for loan Home library Current library Date acquired SGTU Full call number Accession No. (Barcode) Date last seen Bill Date Koha item type
    Dewey Decimal Classification     SGT Engineering Library SGT Engineering Library 15/10/2012 SGTU 621.3 GKP FE4259 09/02/2015 09/02/2015 Gifted Books